[Event "Baleares-ch Escolar"]
[Site "Mallorca"]
[Date "2012.05.25"]
[Round "3"]
[White "Asensio Ramos, Enrique Fernando"]
[Black "Gonzalez Ambros, Cristian"]
[Result "1-0"]
[WhiteElo "1881"]
[BlackElo "1592"]
[PlyCount "39"]
[EventDate "2012.05.24"]
[EventType "swiss"]
[EventRounds "6"]
[EventCountry "ESP"]
[SourceTitle "EXT 2014"]
[Source "ChessBase"]
[SourceDate "2013.11.20"]
[SourceVersion "1"]
[SourceVersionDate "2013.11.20"]
[SourceQuality "1"]

1. e4 e5 2. Nf3 Nc6 3. Bc4 Bc5 4. 0-0 Nf6 5. Re1 d6 6. c3 0-0 7. d4 exd4 8. cxd4 Bb6 9. h3 d5 10. exd5 Nxd5 11. Nc3 Nce7 12. Qb3 c6 13. Bg5 f6 14. Bd2 Kh8 15. Nxd5 cxd5 16. Bd3 Bf5 17. Bb4 Bxd3 18. Bxe7 Bc4 19. Bxd8 Bxb3 20. Bxb6 1-0

[Event "Baleares-ch Escolar"]
[Site "Mallorca"]
[Date "2012.05.25"]
[Round "2"]
[White "Llado Tomas, Miquel"]
[Black "Asensio Ramos, Enrique Fernando"]
[Result "0-1"]
[WhiteElo "1567"]
[BlackElo "1881"]
[PlyCount "68"]
[EventDate "2012.05.24"]
[EventType "swiss"]
[EventRounds "6"]
[EventCountry "ESP"]
[SourceTitle "EXT 2014"]
[Source "ChessBase"]
[SourceDate "2013.11.20"]
[SourceVersion "1"]
[SourceVersionDate "2013.11.20"]
[SourceQuality "1"]

1. c4 Nf6 2. Nf3 g6 3. g3 Bg7 4. Bg2 0-0 5. 0-0 c6 6. d4 d5 7. cxd5 cxd5 8. Nc3 Nc6 9. Bf4 Bf5 10. Qb3 Na5 11. Qd1 Rc8 12. Rc1 Ne4 13. Ne5 Nxc3 14. Rxc3 Rxc3 15. bxc3 g5 16. Be3 Qc7 17. Qd2 e6 18. Nf3 Rc8 19. Bxg5 Qxc3 20. Qxc3 Rxc3 21. Rc1 Rxc1+ 22. Bxc1 Bb1 23. a3 Nc4 24. e3 Bf8 25. a4 Bc2 26. Ne1 Bxa4 27. Nd3 b5 28. Nb2 Bc2 29. e4 dxe4 30. Kf1 Bd3+ 31. Ke1 a5 32. Nxd3 exd3 33. Be4 Bb4+ 34. Kd1 d2 0-1